| 000 | 00433nam a22001697a 4500 | ||
|---|---|---|---|
| 003 | NUST - PNEC | ||
| 005 | 20170116181034.0 | ||
| 008 | 150919b xxu||||| |||| 00| 0 eng d | ||
| 020 | _a0273360620 | ||
| 040 | _cLIBRARY | ||
| 082 | _a621.822 PEC | ||
| 100 |
_911246 _a Peck, H |
||
| 245 |
_aBall and parallel roller bearings: design application _cH. Peck |
||
| 260 | _c1971 | ||
| 650 |
_911189 _aRoller bearings |
||
| 942 |
_2ddc _cBK |
||
| 999 |
_c67838 _d67838 |
||